000 00346nam a22001457a 4500
003 OSt
005 20231211154144.0
008 231211b |||||||| |||| 00| 0 eng d
020 _a9780367270018
040 _c
082 _a671/TOT
245 _aHandbook of metallurgical process design
_cTotten,George E
260 _bcrc
942 _2ddc
_cRB
_n0
999 _c36007
_d36007